000 00397nam a22001097a 4500
008 160624b xxu||||| |||| 00| 0 eng d
100 _91028
_aReddy, G, N,
245 _aProceeding of The second All India confrence Of Dravidian Linguists
260 _aKerala
_b Dravidion Lingustics Association
_c1972
300 _aProceeding of The second All India confrence Of Dravidian Linguists
942 _2ddc
_cBK
999 _c825
_d825